| 000 | 00348nam a2200145Ia 4500 | ||
|---|---|---|---|
| 008 | 150201s2013 xx 000 0 und d | ||
| 082 |
_a618.92 _bC13L |
||
| 100 | _aLAKSHMANASWAMY , A. | ||
| 245 | _aCLINICAL PAEDIATRICS | ||
| 250 | _a3RD | ||
| 260 |
_bWOLTERS KLUWER _aDELHI _c2013 |
||
| 300 | _a1-765 | ||
| 650 | _aPEDIATRICS | ||
| 942 |
_2ddc _cBK _05 |
||
| 999 |
_c1439 _d1439 |
||